000 00305nam a2200133 i 4500
001 bg
100 1 _aMICHALSKI, T.
245 0 _aTriangulacja szczegółowa /
_cT. Michalski.
260 _aWarszawa,
_c1960.
040 _cBPK
041 _apol
942 _cKS
008 s pl f |000 0 pol
999 _c10136
_d10136
856 _uhttp://koha.tu.koszalin.pl/cgi-bin/koha/opac-detail.pl?biblionumber=10136
_yKatalog online BPK